00424nam a2200145Ia 4500008004100000020001500041041001200056082001600068100002300084245010000107260003400207300000800241650001500249700001400264221030s9999 xx 000 0 und d a8185099146 aEnglish a105.23bCho aS. K. H. Choudhury 0aElements of Workshop Tecnology Vol. I Manufacturing Processescby S. K. H. Choudhury, Choudhury bMedia PromotersaMumbaic1997 a653 aMechanical aChoudhury